| 000 | 00609nam a2200217Ia 4500 | ||
|---|---|---|---|
| 003 | OSt | ||
| 005 | 20230609143836.0 | ||
| 008 | 210423s2002 xx 000 0 und d | ||
| 040 | _cAL | ||
| 041 | _aeng | ||
| 082 |
_a155.4 FERR _223 |
||
| 100 |
_aFERNANDES (Gracy);others _9123325 |
||
| 245 | _aResilience: a joyful growth part I and II | ||
| 260 |
_aBangalore _bResearch Unit on Women Studies _c2002 |
||
| 300 |
_a177 _bPB |
||
| 365 | _cINR | ||
| 650 |
_aDifferential & Developmental Psychology _9123326 |
||
| 650 |
_aPsychology _9123327 |
||
| 906 | _agrowth ; joyful ; Resilience: | ||
| 942 |
_2ddc _cBK |
||
| 999 |
_c174257 _d174257 |
||